[Event "KEM Mitte 2017"]
[Site "?"]
[Date "2017.01.15"]
[Round "6.13"]
[White "Berntgen, Michael"]
[Black "Diebel, Günter"]
[Result "1/2-1/2"]
[WhiteElo "1637"]
[BlackElo "1874"]
[PlyCount "71"]
[EventDate "2017.??.??"]
[WhiteTeam "SW Nürnberg Süd"]
[BlackTeam "SW Nürnberg Süd"]

1. e4 e5 2. Nf3 Nc6 3. d4 exd4 4. Nxd4 Nxd4 5. Qxd4 Qf6 6. Be3 Qxd4 7. Bxd4 c5
8. Be3 Nf6 9. Nc3 Ng4 10. Bf4 a6 11. Be2 Nf6 12. O-O b5 13. e5 b4 14. Na4 Nd5
15. Bf3 Bb7 16. Bxd5 Bxd5 17. Nb6 Bc6 18. Nxa8 Bxa8 19. Rad1 h6 20. Rfe1 g5 21.
Bd2 a5 22. c3 Kd8 23. cxb4 axb4 24. a3 Kc7 25. Rc1 bxa3 26. bxa3 Bd5 27. Bc3
Be6 28. a4 Be7 29. h3 Ra8 30. a5 Kc6 31. Ra1 Kb5 32. Reb1+ Kc4 33. Bd2 f5 34.
f4 g4 35. hxg4 fxg4 36. g3 1/2-1/2

[Event "KEM Mitte 2017"]
[Site "?"]
[Date "2017.01.15"]
[Round "6.14"]
[White "Dyroff, Roland"]
[Black "Dietrich, Thomas"]
[Result "1-0"]
[WhiteElo "1806"]
[BlackElo "1610"]
[PlyCount "47"]
[EventDate "2017.??.??"]
[WhiteTeam "SW Nürnberg Süd"]
[BlackTeam "SC Anderssen"]

1. e4 c5 2. Nf3 g6 3. d4 cxd4 4. Qxd4 Nf6 5. e5 Nc6 6. Qa4 Nd5 7. Qb3 e6 8. c4
Ndb4 9. Nc3 Qa5 10. Bd2 Nxe5 11. Nxe5 Qxe5+ 12. Kd1 a6 13. Na4 Nc6 14. Bc3 Nd4
15. Qb6 Qh5+ 16. f3 e5 17. Bxd4 exd4 18. Qxd4 Rg8 19. Nb6 Rb8 20. Bd3 Bg7 21.
Re1+ Kd8 22. Qd6 Qa5 23. b4 Bf8 24. Qf6+ 1-0

[Event "KEM Mitte 2017"]
[Site "?"]
[Date "2017.01.15"]
[Round "6.15"]
[White "Pörzgen, Michael"]
[Black "Weißmann, Peter"]
[Result "1-0"]
[WhiteElo "1658"]
[BlackElo "1737"]
[PlyCount "141"]
[EventDate "2017.??.??"]
[WhiteTeam "SW Nürnberg Süd"]
[BlackTeam "SK Zirndorf"]

1. e4 c5 2. Nc3 Nc6 3. Bb5 Nd4 4. f4 e6 5. Nf3 a6 6. Be2 b5 7. d3 Bb7 8. O-O b4
9. Na4 Bc6 10. Nxd4 cxd4 11. b3 Bxa4 12. bxa4 Rc8 13. Bb2 Bc5 14. a3 bxa3 15.
Bxa3 Ne7 16. Bg4 f6 17. Qd2 O-O 18. Bd1 Qc7 19. Kh1 d5 20. Bxc5 Qxc5 21. Qe2
dxe4 22. Qxe4 Qd5 23. Re1 Rc6 24. Rb1 Qxe4 25. Rxe4 Rd8 26. Rb4 Nf5 27. Re1 Ne3
28. c4 dxc3 29. Rxe3 c2 30. Bxc2 Rxc2 31. h3 Rd2 32. Rxe6 R8xd3 33. Rxa6 Rg3
34. Ra8+ Kf7 35. f5 Ke7 36. Re4+ Kd7 37. Ra7+ Kc6 38. Re6+ Kc5 39. Rc7+ Kb4 40.
Re4+ Kb3 41. Rb7+ Ka3 42. Rg4 Rdxg2 43. Rxg3+ Rxg3 44. Kh2 Rg5 45. a5 Rxf5 46.
a6 Ra5 47. a7 g5 48. Rxh7 Kb4 49. Kg3 Kc5 50. Rf7 Kd6 51. Rxf6+ Ke7 52. Rh6 Kf7
53. Rh7+ Kg6 54. Rb7 Ra3+ 55. Kg4 Ra4+ 56. Kf3 Ra3+ 57. Ke4 Ra4+ 58. Kd5 Kf5
59. Kc6 Kf4 60. Rb4+ Rxb4 61. a8=Q Re4 62. Qa3 Re3 63. Qd6+ Kf3 64. Qd5+ Kf4
65. Qc4+ Re4 66. Qf1+ Kg3 67. Kd5 Rf4 68. Qh1 Rf3 69. Ke4 Rf4+ 70. Ke3 Rf3+ 71.
Qxf3+ 1-0

[Event "KEM Mitte 2017"]
[Site "?"]
[Date "2017.01.15"]
[Round "6.16"]
[White "Hahn, Thomas"]
[Black "Weidenhöfer, Robert"]
[Result "1/2-1/2"]
[WhiteElo "1647"]
[BlackElo "1695"]
[PlyCount "56"]
[EventDate "2017.??.??"]
[WhiteTeam "Zabo-Eintracht Nürnberg"]
[BlackTeam "SW Nürnberg Süd"]

1. e4 b6 2. d4 Bb7 3. d5 Nf6 4. Bd3 e6 5. c4 exd5 6. cxd5 c6 7. dxc6 dxc6 8.
Ne2 Be7 9. O-O O-O 10. Nbc3 Nbd7 11. Qc2 Ne5 12. Rd1 Qc7 13. Bf4 Bd6 14. Bg3
Nh5 15. Bh4 Nxd3 16. Rxd3 Bxh2+ 17. Kh1 Be5 18. Rad1 Bf6 19. Nd5 Qe5 20. f4
Qxe4 21. Nxf6+ Nxf6 22. Bxf6 c5 23. Ng3 Qg6 24. Be5 h5 25. Qe2 h4 26. Nf1 Ba6
27. Qf3 Bxd3 28. Qxd3 Qxd3 1/2-1/2

[Event "KEM Mitte 2017"]
[Site "?"]
[Date "2017.01.15"]
[Round "6.17"]
[White "Müller, Ludwig"]
[Black "Berg, Winfried"]
[Result "1-0"]
[WhiteElo "1781"]
[BlackElo "1595"]
[PlyCount "97"]
[EventDate "2017.??.??"]
[WhiteTeam "SGem Nürnberg"]
[BlackTeam "SW Nürnberg Süd"]

1. Nf3 f5 2. b3 Nf6 3. c4 e6 4. Bb2 Be7 5. e3 O-O 6. d4 b6 7. a3 Bb7 8. Nbd2 c5
9. Be2 h6 10. O-O d6 11. Ne1 Nbd7 12. Bf3 Bxf3 13. Nexf3 Qe8 14. dxc5 Nxc5 15.
Qc2 Nfe4 16. Nxe4 Nxe4 17. Nd2 Ng5 18. f4 Nh7 19. Nf3 Bf6 20. Rad1 Bxb2 21.
Qxb2 Rd8 22. Rd3 Nf6 23. Rfd1 Ne4 24. Nd2 Nc5 25. Rd4 e5 26. fxe5 Qxe5 27. Nf1
f4 28. exf4 Rxf4 29. R4d2 Qxb2 30. Rxb2 Rdf8 31. Ng3 Ne4 32. Nxe4 Rxe4 33. Rbd2
Re3 34. Rd3 Rxd3 35. Rxd3 Rf6 36. a4 Kf7 37. Rd5 Ke7 38. a5 Kd7 39. axb6 axb6
40. h3 Re6 41. Kf2 Kc6 42. g4 Re5 43. Rxe5 dxe5 44. b4 g6 45. Ke3 Kd7 46. Ke4
Ke6 47. c5 bxc5 48. bxc5 h5 49. g5 1-0

[Event "KEM Mitte 2017"]
[Site "?"]
[Date "2017.01.15"]
[Round "6.18"]
[White "Lingl, Peter"]
[Black "Dippel, Jörg"]
[Result "1-0"]
[WhiteElo "1661"]
[BlackElo "1805"]
[PlyCount "45"]
[EventDate "2017.??.??"]
[WhiteTeam "SC JÄKLECHEMIE"]
[BlackTeam "SC Anderssen"]

1. e4 e6 2. d4 d5 3. Nd2 dxe4 4. Nxe4 Bd7 5. Bd3 Bc6 6. Nf3 Nd7 7. Be3 Ngf6 8.
Nxf6+ Qxf6 9. Bg5 Bxf3 10. Qd2 Qxd4 11. gxf3 Bd6 12. O-O-O h6 13. Be3 Qa4 14.
Kb1 a5 15. Qe2 Qh4 16. Rdg1 Qf6 17. Rd1 O-O-O 18. Ba6 Nc5 19. Bxc5 Bxc5 20. Qe4
Rd6 21. Qxb7+ Kd8 22. Qc8+ Ke7 23. Qxc7+ 1-0

[Event "KEM Mitte 2017"]
[Site "?"]
[Date "2017.01.15"]
[Round "6.19"]
[White "Hofmann, Tim"]
[Black "Nüßlein, Christian"]
[Result "0-1"]
[WhiteElo "1311"]
[BlackElo "1929"]
[PlyCount "60"]
[EventDate "2017.??.??"]
[WhiteTeam "SW Nürnberg Süd"]
[BlackTeam "SGem Nürnberg"]

1. d4 Nf6 2. Bf4 g6 3. e3 Bg7 4. Nf3 c5 5. Nbd2 cxd4 6. exd4 d5 7. c3 O-O 8.
Bd3 Nc6 9. O-O Nd7 10. Re1 Re8 11. b4 e5 12. dxe5 Ncxe5 13. Bb5 Nxf3+ 14. Nxf3
Bxc3 15. Rxe8+ Qxe8 16. Rc1 Bxb4 17. Qa4 Qe4 18. Be3 Nf6 19. Ng5 Qe7 20. Bf4
Bd6 21. Bd2 Ne4 22. Re1 Bf5 23. f3 Bc5+ 24. Kh1 Nf2+ 25. Kg1 Nd3+ 26. Kf1 Nxe1
27. Qh4 f6 28. Nxh7 Qxh7 29. Qxf6 Bd3+ 30. Kxe1 Bxb5 0-1

[Event "KEM Mitte 2017"]
[Site "?"]
[Date "2017.01.15"]
[Round "6.21"]
[White "Barnowski, Roman"]
[Black "Walch, Roger"]
[Result "0-1"]
[WhiteElo "1424"]
[BlackElo "1701"]
[PlyCount "72"]
[EventDate "2017.??.??"]
[WhiteTeam "SW Nürnberg Süd"]
[BlackTeam "SW Nürnberg Süd"]

1. Nf3 Nf6 2. c4 g6 3. g3 Bg7 4. Bg2 O-O 5. Nc3 d6 6. O-O e5 7. Qc2 c6 8. e4
Na6 9. a3 Re8 10. Re1 Qb6 11. d3 Qc7 12. Bg5 h6 13. Bd2 Be6 14. b4 Qd7 15. Qc1
Kh7 16. h4 Nh5 17. Nh2 f5 18. Bh3 Rf8 19. Rb1 Qf7 20. Rf1 Nc7 21. Qe1 d5 22. f3
dxc4 23. g4 Nf4 24. Bxf4 exf4 25. exf5 gxf5 26. gxf5 Bxf5 27. Bxf5+ Qxf5 28.
dxc4 Rae8 29. Qd2 Re3 30. Ne4 Be5 31. Ng4 Rg8 32. Kh2 Rxe4 33. Rg1 Rxc4 34. Rg2
Qxb1 35. Nxe5 Rxg2+ 36. Qxg2 Rc2 0-1

[Event "KEM Mitte 2017"]
[Site "?"]
[Date "2017.01.15"]
[Round "6.23"]
[White "Thoma, Dirk"]
[Black "Possart, Dennis"]
[Result "1/2-1/2"]
[WhiteElo "1642"]
[BlackElo "1252"]
[PlyCount "114"]
[EventDate "2017.??.??"]
[WhiteTeam "SC Noris-Tarrasch Nürnberg"]
[BlackTeam "SC Noris-Tarrasch Nürnberg"]

1. d4 Nf6 2. Nf3 g6 3. c4 Bg7 4. Nc3 O-O 5. Bf4 d5 6. e3 c5 7. Be2 dxc4 8. Bxc4
cxd4 9. Qxd4 Nc6 10. Qc5 Nd7 11. Qg5 Qb6 12. Qb5 a6 13. Qxb6 Nxb6 14. Bb3 Nb4
15. O-O Nd3 16. Bc7 Nd7 17. Rab1 Nxb2 18. Nd5 e6 19. Nb6 Nxb6 20. Bxb6 Nd3 21.
Rfd1 Ne5 22. Ng5 h6 23. Ne4 Nd7 24. Bc7 Be5 25. Ba5 b6 26. Bb4 Rd8 27. f4 a5
28. Ba3 Bb7 29. Nd6 Bxd6 30. Rxd6 a4 31. Bc4 Ba6 32. Bxa6 Rxa6 33. Rbd1 Ra7 34.
Bb2 b5 35. Bf6 Nxf6 36. Rxd8+ Kg7 37. Rb8 Ra5 38. Rd4 Nd5 39. Kf2 b4 40. e4 Nc3
41. Rdxb4 Nxa2 42. R4b5 Ra7 43. Rc8 a3 44. Rbb8 Nc3 45. Rxc3 a2 46. Rc1 a1=Q
47. Rxa1 Rxa1 48. Rb2 Ra3 49. Rd2 g5 50. g3 gxf4 51. gxf4 Kg6 52. Rd1 Kh5 53.
Rg1 f6 54. Rg3 Rxg3 55. Kxg3 f5 56. e5 Kg6 57. h3 h5 1/2-1/2

[Event "KEM Mitte 2017"]
[Site "?"]
[Date "2017.01.15"]
[Round "6.24"]
[White "Majid, Hakim"]
[Black "Albayrak, Nese Pinar"]
[Result "0-1"]
[WhiteElo "1228"]
[BlackElo "1095"]
[PlyCount "98"]
[EventDate "2017.??.??"]
[WhiteTeam "SW Nürnberg Süd"]
[BlackTeam "Zabo-Eintracht Nürnberg"]

1. e4 e5 2. d3 Nc6 3. Be2 h6 4. Nf3 Nf6 5. c3 d5 6. exd5 Nxd5 7. O-O Bc5 8. Qe1
O-O 9. Nbd2 Nf6 10. Nb3 Bb6 11. Bd2 Bf5 12. Nc1 Re8 13. Kh1 e4 14. dxe4 Nxe4
15. Bf4 Nf6 16. Nb3 Bg4 17. Be3 Bxe3 18. fxe3 Rxe3 19. Qf2 Qe7 20. Rae1 Re6 21.
Bc4 Ne4 22. Qh4 Qxh4 23. Nxh4 Re7 24. h3 Ng3+ 25. Kh2 Nxf1+ 26. Rxf1 Be6 27.
Bxe6 Rxe6 28. Rf2 Rae8 29. Nc5 Re2 30. Rf3 Rxb2 31. a4 b6 32. Na6 Ra2 33. Nxc7
Rc8 34. Nd5 Rxa4 35. Nf5 Re8 36. Rg3 Re5 37. Nxh6+ Kh7 38. Nxf7 Rxd5 39. Ng5+
Kg8 40. Ne6 Rd7 41. Ng5 Ne5 42. Ne6 Re7 43. Nd4 Rf7 44. Nb5 a6 45. Nd6 Rf6 46.
Ne8 Rg6 47. Re3 Ra2 48. Rxe5 Raxg2+ 49. Kh1 Rg1+ 0-1

[Event "KEM Mitte 2017"]
[Site "?"]
[Date "2017.01.15"]
[Round "6.26"]
[White "Duong, Ba Duc"]
[Black "Albayrak, Melissa"]
[Result "1-0"]
[WhiteElo "1328"]
[BlackElo "765"]
[PlyCount "37"]
[EventDate "2017.??.??"]
[WhiteTeam "SK Nürnberg"]
[BlackTeam "Zabo-Eintracht Nürnberg"]

1. e4 e5 2. Nf3 Nc6 3. d4 d6 4. dxe5 dxe5 5. Qxd8+ Kxd8 6. Bc4 Bb4+ 7. Bd2
Bxd2+ 8. Nbxd2 Nf6 9. Bxf7 Bg4 10. O-O-O Bxf3 11. Nxf3+ Kc8 12. Rhe1 Nb4 13. a3
Na2+ 14. Kb1 Ng4 15. Rd2 Nh6 16. Be6+ Kb8 17. Kxa2 Re8 18. Nxe5 Rxe6 19. Rd8#
1-0

[Event "KEM Mitte 2017"]
[Site "?"]
[Date "2017.01.15"]
[Round "6.27"]
[White "Hummady, Pascha"]
[Black "Hauck, Martin"]
[Result "1-0"]
[WhiteElo "786"]
[BlackElo "1488"]
[PlyCount "63"]
[EventDate "2017.??.??"]
[WhiteTeam "SC Noris-Tarrasch Nürnberg"]
[BlackTeam "SC Noris-Tarrasch Nürnberg"]

1. e4 d5 2. exd5 Qxd5 3. Nc3 Qd8 4. d4 Nf6 5. Be3 e6 6. Bc4 Bd6 7. Qf3 c6 8.
O-O-O O-O 9. Nge2 Nbd7 10. g4 Nb6 11. Bd3 g6 12. h4 e5 13. Rdg1 Re8 14. h5 Bxg4
15. Rxg4 Nxg4 16. Qxg4 Re6 17. hxg6 hxg6 18. Bxg6 Rxg6 19. Qh3 Qf6 20. Ne4 Qg7
21. Nxd6 Kf8 22. d5 Ke7 23. Nf5+ Kd8 24. Nxg7 Kc7 25. Bxb6+ axb6 26. a3 Rd6 27.
Qh5 Rxd5 28. Qxf7+ Rd7 29. Qe6 Rad8 30. Nc3 Rxg7 31. Qxe5+ Rd6 32. Qxg7+ 1-0

[Event "KEM Mitte 2017"]
[Site "?"]
[Date "2017.01.15"]
[Round "6.28"]
[White "Nerreter, Bernd"]
[Black "Mantel, Hubert"]
[Result "0-1"]
[WhiteElo "1447"]
[BlackElo "1761"]
[PlyCount "70"]
[EventDate "2017.??.??"]
[WhiteTeam "SC Noris-Tarrasch Nürnberg"]
[BlackTeam "Zabo-Eintracht Nürnberg"]

1. e4 e6 2. d4 d5 3. Nd2 c5 4. Ngf3 Nc6 5. exd5 exd5 6. dxc5 Bxc5 7. Nb3 Bb6 8.
Be2 Nf6 9. O-O O-O 10. Nfd4 a6 11. Bg5 Qd6 12. Bf3 Bc7 13. g3 Bh3 14. Re1 Rfe8
15. Rxe8+ Rxe8 16. Qd2 Ne4 17. Bxe4 dxe4 18. Qe3 Bb6 19. c3 h6 20. Bf4 Qf6 21.
Qe2 Nxd4 22. cxd4 Bxd4 23. Rb1 Bb6 24. Be3 Bxe3 25. Qxe3 Qc6 26. Rc1 Rd8 27.
Qe2 Qd5 28. Re1 f5 29. Qe3 a5 30. a3 Qb5 31. Qc3 Rd3 32. Nd4 Qd5 33. Qc8+ Kh7
34. Ne6 Rd1 35. Qc3 Rxe1+ 0-1

[Event "KEM Mitte 2017"]
[Site "?"]
[Date "2017.01.08"]
[Round "7.1"]
[White "Adelhütte, Dennis"]
[Black "Saathoff, Richard"]
[Result "1/2-1/2"]
[WhiteElo "1962"]
[BlackElo "2124"]
[PlyCount "43"]
[EventDate "2017.??.??"]
[WhiteTeam "SC JÄKLECHEMIE"]
[BlackTeam "SW Nürnberg Süd"]

1. d4 Nf6 2. c4 g6 3. Nc3 Bg7 4. e4 d6 5. f3 O-O 6. Be3 c5 7. dxc5 dxc5 8. Qxd8
Rxd8 9. Bxc5 Nc6 10. Nge2 Nd7 11. Ba3 Nde5 12. Nf4 e6 13. Nb5 Bh6 14. Nh3 Bd2+
15. Kf2 Nb4 16. Bxb4 Bxb4 17. Be2 a6 18. Nc3 Bxc3 19. bxc3 Bd7 20. f4 Nc6 21.
Rhd1 Na5 22. Rd4 1/2-1/2

[Event "KEM Mitte 2017"]
[Site "?"]
[Date "2017.01.08"]
[Round "7.2"]
[White "Mantel, Ruben"]
[Black "Corral, Carlos"]
[Result "1/2-1/2"]
[WhiteElo "1949"]
[BlackElo "2015"]
[PlyCount "34"]
[EventDate "2017.??.??"]
[WhiteTeam "Zabo-Eintracht Nürnberg"]
[BlackTeam "SC Noris-Tarrasch Nürnberg"]

1. e4 c5 2. Nc3 Nc6 3. g3 g6 4. Bg2 Bg7 5. d3 d6 6. Be3 Rb8 7. Qd2 b5 8. Nf3 b4
9. Nd1 Nd4 10. O-O Bg4 11. Nh4 Qd7 12. f4 Bh3 13. f5 Bxg2 14. Kxg2 Bf6 15. c3
bxc3 16. bxc3 Bxh4 17. cxd4 Bf6 1/2-1/2

[Event "KEM Mitte 2017"]
[Site "?"]
[Date "2017.01.08"]
[Round "7.3"]
[White "Erlbeck, Peter"]
[Black "Petrashov, Alexander"]
[Result "1-0"]
[WhiteElo "2061"]
[BlackElo "1888"]
[PlyCount "49"]
[EventDate "2017.??.??"]
[WhiteTeam "SW Nürnberg Süd"]
[BlackTeam "SC Noris-Tarrasch Nürnberg"]

1. e4 e6 2. d4 d5 3. e5 c5 4. c3 Nc6 5. Nf3 b6 6. Bd3 Bb7 7. O-O Qc7 8. a4 Nge7
9. Re1 h6 10. Nbd2 Nf5 11. Bxf5 exf5 12. Nf1 O-O-O 13. dxc5 bxc5 14. Qd3 g6 15.
Bf4 d4 16. a5 Nxa5 17. cxd4 cxd4 18. Rec1 Nc6 19. Rxa7 Nxa7 20. Rxc7+ Kxc7 21.
Qc4+ Kb8 22. e6+ Bd6 23. Qxd4 Nb5 24. Bxd6+ Nxd6 25. e7 1-0

[Event "KEM Mitte 2017"]
[Site "?"]
[Date "2017.01.08"]
[Round "7.4"]
[White "Leis, Stefan"]
[Black "Konsek, Peter"]
[Result "1/2-1/2"]
[WhiteElo "1967"]
[BlackElo "2083"]
[PlyCount "60"]
[EventDate "2017.??.??"]
[WhiteTeam "SC Mühlhof-Reichelsdorf"]
[BlackTeam "SW Nürnberg Süd"]

1. e4 c5 2. Nf3 Nc6 3. Bb5 Nf6 4. Bxc6 dxc6 5. d3 Bg4 6. h3 Bh5 7. Be3 c4 8.
O-O cxd3 9. Qxd3 Qxd3 10. cxd3 Bxf3 11. gxf3 g6 12. Nc3 Bg7 13. d4 O-O 14. Rac1
Nd7 15. Na4 e5 16. Nc5 exd4 17. Nxd7 Rfd8 18. Bxd4 Bxd4 19. Nc5 Bxc5 20. Rxc5
Rd2 21. b4 Rad8 22. a4 R8d4 23. b5 Rxa4 24. bxc6 bxc6 25. Rxc6 Raa2 26. Kg2 Kg7
27. e5 g5 28. Kg3 a5 29. e6 fxe6 30. Rxe6 Ra4 1/2-1/2

[Event "KEM Mitte 2017"]
[Site "?"]
[Date "2017.01.08"]
[Round "7.5"]
[White "Bildt, Maximilian"]
[Black "Rausch, Wolfgang sr"]
[Result "1-0"]
[WhiteElo "2045"]
[BlackElo "1880"]
[PlyCount "117"]
[EventDate "2017.??.??"]
[WhiteTeam "SK Zirndorf"]
[BlackTeam "SW Nürnberg Süd"]

1. e4 c6 2. d4 d5 3. exd5 cxd5 4. c4 Nf6 5. Nc3 Nc6 6. c5 e5 7. dxe5 Nxe5 8.
Be3 a6 9. a3 Be7 10. Be2 O-O 11. b4 Nc6 12. Nf3 Bg4 13. O-O Qd7 14. Nd4 Bxe2
15. Ncxe2 Ne5 16. Qb3 Nc4 17. Nc2 Nxe3 18. Nxe3 Rfd8 19. Rfd1 a5 20. Rab1 axb4
21. axb4 g5 22. Nxd5 Nxd5 23. Nc3 Qf5 24. Nxd5 Bf8 25. Ne3 Rxd1+ 26. Rxd1 Qe4
27. g3 Re8 28. Qd5 Qxb4 29. Qxg5+ Bg7 30. Nf5 Qc3 31. h4 Kf8 32. Qxg7+ Qxg7 33.
Nxg7 Kxg7 34. Rd5 Re2 35. Kg2 Kf6 36. g4 Re4 37. Rf5+ Kg6 38. f3 Rc4 39. Kf2
Rc3 40. h5+ Kg7 41. Kg3 Rc4 42. Rd5 h6 43. Rf5 Kf8 44. f4 Rc3+ 45. Kh4 Rc1 46.
g5 Kg7 47. gxh6+ Kxh6 48. Rxf7 Rxc5 49. Rf6+ Kg7 50. Rb6 Rc7 51. Kg5 Rf7 52. f5
Kh7 53. Rh6+ Kg7 54. Re6 Rc7 55. Rg6+ Kf7 56. h6 Kf8 57. Rf6+ Kg8 58. Kg6 Rc1
59. h7+ 1-0

[Event "KEM Mitte 2017"]
[Site "?"]
[Date "2017.01.08"]
[Round "7.6"]
[White "Bolten, Daniel"]
[Black "Rummel, Gerald"]
[Result "1-0"]
[WhiteElo "2075"]
[BlackElo "1772"]
[PlyCount "69"]
[EventDate "2017.??.??"]
[WhiteTeam "SW Nürnberg Süd"]
[BlackTeam "SC Anderssen"]

1. d4 d5 2. Nf3 Nf6 3. c4 e6 4. Nc3 Be7 5. Qc2 a6 6. e3 O-O 7. Bd2 dxc4 8. Bxc4
b5 9. Bd3 Bb7 10. Ne4 Nxe4 11. Bxe4 Bxe4 12. Qxe4 c6 13. Rc1 Qd5 14. Qb1 f5 15.
O-O c5 16. dxc5 Bxc5 17. Rfd1 Be7 18. Rc7 Qd8 19. Ba5 Qe8 20. Bc3 Nc6 21. Ne5
Nxe5 22. Bxe5 Rd8 23. Rxd8 Qxd8 24. Qc2 Bf6 25. Bxf6 Qxf6 26. Rc6 f4 27. exf4
Qxf4 28. Rxe6 Rd8 29. Re3 Qd4 30. g3 g6 31. a3 Qg4 32. Kg2 Kg7 33. Qc7+ Rd7 34.
Qe5+ Kg8 35. Rf3 1-0

[Event "KEM Mitte 2017"]
[Site "?"]
[Date "2017.01.08"]
[Round "7.7"]
[White "Bachhuber, Dominik"]
[Black "Neumann, Robert"]
[Result "1/2-1/2"]
[WhiteElo "1909"]
[BlackElo "1912"]
[PlyCount "22"]
[EventDate "2017.??.??"]
[WhiteTeam "SC JÄKLECHEMIE"]
[BlackTeam "SC Noris-Tarrasch Nürnberg"]

1. e4 c5 2. Nf3 Nc6 3. d4 cxd4 4. Nxd4 g6 5. Be3 Bg7 6. Be2 Nf6 7. Nc3 O-O 8.
f4 d6 9. Nxc6 bxc6 10. g4 Qa5 11. Bf3 Rb8 1/2-1/2

[Event "KEM Mitte 2017"]
[Site "?"]
[Date "2017.01.08"]
[Round "7.8"]
[White "Süß, Helmut"]
[Black "Müller, Ludwig"]
[Result "1/2-1/2"]
[WhiteElo "1921"]
[BlackElo "1781"]
[PlyCount "24"]
[EventDate "2017.??.??"]
[WhiteTeam "SC Noris-Tarrasch Nürnberg"]
[BlackTeam "SGem Nürnberg"]

1. d4 Nf6 2. Bf4 e6 3. e3 d5 4. Nf3 Bd6 5. Bg3 Ne4 6. Bd3 f5 7. Ne5 O-O 8. Bxe4
fxe4 9. Nc3 Nd7 10. Nxd7 Bxd7 11. Bxd6 cxd6 12. Qe2 a6 1/2-1/2

[Event "KEM Mitte 2017"]
[Site "?"]
[Date "2017.01.08"]
[Round "7.10"]
[White "Albayrak, Aylin"]
[Black "Thürauf, Peter"]
[Result "0-1"]
[WhiteElo "1668"]
[BlackElo "1842"]
[PlyCount "82"]
[EventDate "2017.??.??"]
[WhiteTeam "Zabo-Eintracht Nürnberg"]
[BlackTeam "SW Nürnberg Süd"]

1. d4 d5 2. c4 e6 3. Nc3 Nf6 4. Bg5 Be7 5. e3 O-O 6. Nf3 b6 7. Be2 Nbd7 8. O-O
h6 9. Bf4 c6 10. Rc1 Bb7 11. cxd5 exd5 12. a3 Nh5 13. Be5 f6 14. Bg3 Nxg3 15.
fxg3 f5 16. Bd3 g6 17. Qe1 Kg7 18. h3 Nf6 19. Ne2 Bd6 20. Nf4 Bxf4 21. gxf4 Nd7
22. Qg3 Qe8 23. Nh4 Qe6 24. Qe1 Rae8 25. Rf3 Rf6 26. Kh2 h5 27. Qe2 Nf8 28. Rg1
Bc8 29. g4 hxg4 30. hxg4 fxg4 31. Rfg3 Qd6 32. Kh1 Rxf4 33. Qd2 Rf6 34. Be2 Rf2
35. Qe1 Qf6 36. Ng2 g5 37. Bxg4 Bxg4 38. Rxg4 Qf3 39. Kh2 Ng6 40. Rh1 Rh8+ 41.
Kg1 Rxh1+ 0-1

[Event "KEM Mitte 2017"]
[Site "?"]
[Date "2017.01.08"]
[Round "7.11"]
[White "Paul, Arthur"]
[Black "Babichev, Vyacheslav"]
[Result "0-1"]
[WhiteElo "1380"]
[BlackElo "1863"]
[PlyCount "78"]
[EventDate "2017.??.??"]
[WhiteTeam "SW Nürnberg Süd"]
[BlackTeam "SW Nürnberg Süd"]

1. e4 g6 2. Nf3 Bg7 3. Bc4 e6 4. d4 d6 5. O-O Ne7 6. c3 O-O 7. Re1 c6 8. Nbd2
d5 9. exd5 cxd5 10. Bd3 a6 11. Nb3 b6 12. Bf4 a5 13. Rc1 Nd7 14. Ne5 Nf6 15.
Qf3 Nh5 16. Ng4 Nxf4 17. Qxf4 Kh8 18. Nd2 Nc6 19. Nf3 f6 20. Qg3 Ne7 21. b3 Nf5
22. Bxf5 exf5 23. Ne3 g5 24. Nxd5 Qxd5 25. Qc7 Qb7 26. Qd6 Qb8 27. Qxb8 Rxb8
28. Re7 Bb7 29. Nd2 Kg8 30. Nc4 Ba6 31. Nd6 f4 32. Nf5 Rf7 33. Rxf7 Kxf7 34.
Re1 Bf8 35. d5 h5 36. c4 Bc8 37. Nd4 Bc5 38. Nc6 Ra8 39. h3 Bd7 0-1

[Event "KEM Mitte 2017"]
[Site "?"]
[Date "2017.01.08"]
[Round "7.13"]
[White "Leuschner, Günter"]
[Black "Meyer, Robert"]
[Result "0-1"]
[WhiteElo "1923"]
[BlackElo "1731"]
[PlyCount "102"]
[EventDate "2017.??.??"]
[WhiteTeam "SW Nürnberg Süd"]
[BlackTeam "SC Stein"]

1. e4 e6 2. Nf3 d5 3. e5 c5 4. c3 Nc6 5. d4 cxd4 6. cxd4 Bb4+ 7. Nc3 Nge7 8.
Bd3 Bd7 9. O-O Ng6 10. Qc2 Be7 11. a3 Rc8 12. Be3 Na5 13. Qe2 Nc4 14. Bc1 a6
15. Nd1 Na5 16. Rb1 Nb3 17. Be3 Na5 18. Nd2 O-O 19. b4 Nc6 20. Nb3 a5 21. b5
Ncxe5 22. dxe5 Nxe5 23. Bxh7+ Kxh7 24. Qh5+ Kg8 25. Qxe5 Bxb5 26. Re1 Bf6 27.
Qg3 Bd3 28. Rc1 Rxc1 29. Bxc1 Bc2 30. Bb2 d4 31. Nc1 Qb6 32. Nd3 Rc8 33. Qf3
Qb5 34. Bxd4 Bxd4 35. Nf4 Qb3 36. Qe2 Qxa3 37. Nxe6 Bxd1 38. Rxd1 Bf6 39. g4
Rc1 40. g5 Rxd1+ 41. Qxd1 Qa1 42. Qxa1 Bxa1 43. Nc7 a4 44. Nb5 Bb2 45. Kf1 a3
46. Nxa3 Bxa3 47. Ke2 Kf8 48. h4 Ke7 49. f4 Ke6 50. h5 Kf5 51. Kd2 Bd6 0-1

[Event "KEM Mitte 2017"]
[Site "?"]
[Date "2017.01.08"]
[Round "7.14"]
[White "Nüßlein, Christian"]
[Black "Llugiq, Bajram"]
[Result "1/2-1/2"]
[WhiteElo "1929"]
[BlackElo "1827"]
[PlyCount "95"]
[EventDate "2017.??.??"]
[WhiteTeam "SGem Nürnberg"]
[BlackTeam "SW Nürnberg Süd"]

1. e4 c5 2. Nf3 Nc6 3. d4 cxd4 4. Nxd4 Nf6 5. Nc3 Qa5 6. f3 g6 7. Be3 Bg7 8.
Qd2 O-O 9. O-O-O e5 10. Nb3 Qd8 11. Bh6 a6 12. g4 b5 13. Kb1 b4 14. Nd5 Nxd5
15. exd5 Nd4 16. Nxd4 Bxh6 17. Qxh6 exd4 18. Rxd4 Qf6 19. Rf4 Qe5 20. Bc4 Bb7
21. Rd1 a5 22. b3 a4 23. Re4 Qh8 24. Qc1 Rfb8 25. Re7 d6 26. Qb2 Qxb2+ 27. Kxb2
a3+ 28. Kb1 Ba6 29. Rd4 Re8 30. Rde4 Rxe7 31. Rxe7 Bxc4 32. bxc4 Rc8 33. Re4
Kg7 34. Kc1 f5 35. gxf5 gxf5 36. Re7+ Kg6 37. Re6+ Kg5 38. Rxd6 Rxc4 39. Rd8
Kf4 40. d6 Rd4 41. d7 Kxf3 42. Rf8 Rxd7 43. Rxf5+ Kg4 44. Rc5 Rd4 45. c3 bxc3
46. Rxc3 Rf4 47. h3+ Kh4 48. Rxa3 1/2-1/2

[Event "KEM Mitte 2017"]
[Site "?"]
[Date "2017.01.08"]
[Round "7.15"]
[White "Walch, Roger"]
[Black "Berntgen, Henri"]
[Result "1/2-1/2"]
[WhiteElo "1701"]
[BlackElo "1537"]
[PlyCount "54"]
[EventDate "2017.??.??"]
[WhiteTeam "SW Nürnberg Süd"]
[BlackTeam "SW Nürnberg Süd"]

1. e4 Nf6 2. e5 Nd5 3. c4 Nb6 4. d4 d6 5. exd6 exd6 6. Be2 Nc6 7. Nc3 Be7 8.
Nf3 Bg4 9. b3 Bf6 10. Be3 Qe7 11. Rc1 O-O 12. O-O g6 13. Qd2 Rfe8 14. h3 Bxf3
15. Bxf3 Bg7 16. Rfe1 Qd7 17. Rcd1 a6 18. Qc1 Nc8 19. c5 N8e7 20. Bg4 Nf5 21.
Nd5 Nce7 22. Nxe7+ Rxe7 23. d5 dxc5 24. Qxc5 Rae8 25. Re2 h5 26. Bxf5 Qxf5 27.
Red2 Be5 1/2-1/2

[Event "KEM Mitte 2017"]
[Site "?"]
[Date "2017.01.08"]
[Round "7.16"]
[White "Diebel, Günter"]
[Black "Lingl, Peter"]
[Result "1-0"]
[WhiteElo "1874"]
[BlackElo "1661"]
[PlyCount "57"]
[EventDate "2017.??.??"]
[WhiteTeam "SW Nürnberg Süd"]
[BlackTeam "SC JÄKLECHEMIE"]

1. e4 e5 2. Nf3 Nc6 3. Bc4 Bc5 4. Nc3 Nf6 5. d3 h6 6. Be3 Bb6 7. Qd2 d6 8. h3
Be6 9. Nd5 Na5 10. Nxb6 Nxc4 11. Nxc4 Bxc4 12. dxc4 Nxe4 13. Qd5 Nf6 14. Qxb7
O-O 15. O-O-O c5 16. Bxc5 Rb8 17. Qa6 Ne4 18. Be3 f5 19. Nxe5 f4 20. Bxa7 Ra8
21. Nc6 Qg5 22. h4 Qf6 23. Qb5 Nc5 24. Bxc5 dxc5 25. Qxc5 Rxa2 26. Ne7+ Kh8 27.
Ng6+ Qxg6 28. Qxf8+ Kh7 29. Kb1 1-0

[Event "KEM Mitte 2017"]
[Site "?"]
[Date "2017.01.08"]
[Round "7.17"]
[White "Mantel, Hubert"]
[Black "Münzenberg, Dietrich"]
[Result "1-0"]
[WhiteElo "1761"]
[BlackElo "1688"]
[PlyCount "61"]
[EventDate "2017.??.??"]
[WhiteTeam "Zabo-Eintracht Nürnberg"]
[BlackTeam "Zabo-Eintracht Nürnberg"]

1. b4 e5 2. Bb2 Bxb4 3. Bxe5 Nf6 4. Nf3 Nc6 5. e3 d6 6. Bb2 O-O 7. a3 Ba5 8.
Bc4 Bg4 9. O-O a6 10. d4 b5 11. Be2 Re8 12. Nbd2 Bb6 13. h3 Bh5 14. c4 bxc4 15.
Nxc4 Rb8 16. Qa4 Qd7 17. Qxa6 Ra8 18. Qb5 Nxd4 19. Nxd4 Qxb5 20. Nxb5 Bxe2 21.
Rfc1 Bxc4 22. Rxc4 Re7 23. Bxf6 gxf6 24. a4 Bc5 25. Rd1 Ra6 26. Nc3 Re6 27. Nd5
Ra7 28. Nf4 Re7 29. Nh5 f5 30. Rxc5 Rxa4 31. Rxd6 1-0